| 000 | 00667nam a22002417a 4500 | ||
|---|---|---|---|
| 005 | 20170124110237.0 | ||
| 010 | _a999236 | ||
| 020 |
_c00.00 _a0720706521 |
||
| 035 | _a999236 | ||
| 037 | _bCen Lib/Ret | ||
| 040 |
_aDPL _bEN |
||
| 082 |
_a731 _bDAN |
||
| 100 |
_aDancyger, Irene _942216 |
||
| 245 |
_aClay models and stone carving / _cby Irene Dancyger |
||
| 260 |
_aLondon _bPelham Books _c1974 |
||
| 270 |
_bLondon _a52 Bedford Square |
||
| 300 |
_a116p. : _c24cm(Hb) _bill. |
||
| 490 | _aPelham crafts series | ||
| 500 | _aIncludes index | ||
| 650 |
_aModeling _942217 |
||
| 650 |
_aStone carving _942218 |
||
| 942 |
_2ddc _cEN _h731 _mDAN |
||
| 999 |
_c134939 _d134939 |
||